00925cam a2200301 a 45000010005000000030006000050050017000110080041000280100017000690200027000860200018001130400023001310500017001540820012001711000019001832450079002022600035002813000047003164400018003635000022003815050007004035200086004105210028004965210019005246500023005436500022005667000035005886808FISKH20250826104039.0010628r20021991nyua b 000 1 eng  a 2001003838 a051622560X (lib. bdg.) a9780516225609 aDLCcDLCdDLCbeng aPZ8.G4246 A  a513.2111 aGisler, David.10aAddition Annie /cwritten by David Gisler ; illustrated by Sarah A. Beise. aNew York :bScholastic,c2002. a31 pages : bcolor illustrations ; c19 cm 0aRookie reader a"Level C"--Spine. aH  aAddition Annie counts everything around her, from trees and knees to little peas.8 a430 bLexile estimate 8 aH bRaz-Plus  1aCountingvFiction. 1aStories in rhyme.1 aBeise, Sarah A.,eillustrator